|
|
|
|
| LEADER |
00000naa2a2200000 4500 |
| 001 |
403864 |
| 005 |
20231101070004.0 |
| 035 |
|
|
|a (RuTPU)RU\TPU\prd\50693
|
| 090 |
|
|
|a 403864
|
| 100 |
|
|
|a 20070508a2006 k y0rusy50 ca
|
| 101 |
0 |
|
|a rus
|
| 102 |
|
|
|a RU
|
| 200 |
1 |
|
|a Диагностирование литых деталей тележек грузовых вагонов
|f В. В. Муравьев
|
| 225 |
1 |
|
|a НК на железнодорожном транспорте
|
| 320 |
|
|
|a Библиогр.: 5 назв.
|
| 461 |
|
0 |
|0 (RuTPU)RU\TPU\prd\1155
|x 1609-3178
|t В мире неразрушающего контроля
|o Ежеквартальное журнальное обозрение
|d 2001-
|
| 463 |
|
0 |
|0 (RuTPU)RU\TPU\prd\49593
|t № 4
|v С. 78-80
|d 2006
|
| 610 |
1 |
|
|a железнодорожный транспорт
|
| 610 |
1 |
|
|a грузовые тележки
|
| 610 |
1 |
|
|a литые детали
|
| 610 |
1 |
|
|a неразрушающий контроль
|
| 610 |
1 |
|
|a диагностирование
|
| 700 |
|
1 |
|a Муравьев
|b В. В.
|
| 801 |
|
1 |
|a RU
|b 63413507
|c 20070508
|g PSBO
|
| 942 |
|
|
|c BK
|